Of Mystics And Mistakes (Record no. 330876)

MARC details
000 -LEADER
fixed length control field 00557nam a2200169Ia 4500
008 - FIXED-LENGTH DATA ELEMENTS--GENERAL INFORMATION
fixed length control field 230718s9999 xx 000 0 und d
020 ## - INTERNATIONAL STANDARD BOOK NUMBER
International Standard Book Number 9788184953084
041 ## - LANGUAGE CODE
Language code of text/sound track or separate title eng
082 ## - DEWEY DECIMAL CLASSIFICATION NUMBER
Classification number 294.5
Item number SAD
100 ## - MAIN ENTRY--PERSONAL NAME
Personal name Sadhguru
9 (RLIN) 106377
245 ## - TITLE STATEMENT
Title Of Mystics And Mistakes
Remainder of title The Journey From Confusion To Clarity, From Error To Enlightenment, From Self-Deception To Self-Discovery
260 ## - PUBLICATION, DISTRIBUTION, ETC. (IMPRINT)
Date of publication, distribution, etc. 2012
Name of publisher, distributor, etc. Jaico Publishing House
300 ## - PHYSICAL DESCRIPTION
Extent 200
365 ## - TRADE PRICE
Currency code Rs.
Price amount 250.00
700 ## - ADDED ENTRY--PERSONAL NAME
Personal name Sadhguru
9 (RLIN) 106377
906 ## - LOCAL DATA ELEMENT F, LDF (RLIN)
d O:0289525-Jun-2012B:14330-Apr-2012
c GENRL
b 62.5
Holdings
Withdrawn status Lost status Damaged status Not for loan Home library Current library Date acquired Vendor Budget Code Cost, normal purchase price Bill number Total Checkouts Full call number Barcode Date last seen Discount Cost, replacement price Bill Date Koha item type Original Barcode
        Cummins College of Engineering for Women Pune Cummins College of Engineering for Women Pune 25/06/2012 Technical Book Services GENRL 187.50 143   294.5 CCEP-BK-42083 18/07/2023 62.5 250.00 30/04/2012 Books 042083